| 000 | 00485nam a2200193Ia 4500 | ||
|---|---|---|---|
| 003 | OSt | ||
| 005 | 20230324122741.0 | ||
| 008 | 210423s2007 xx 000 0 und d | ||
| 040 | _cAL | ||
| 041 | _aeng | ||
| 082 |
_a658 _223 _bKOOH |
||
| 100 |
_aKOONTZ (Harold);others. _977363 |
||
| 245 | _aPrinciples of management. | ||
| 260 |
_aNew Delhi _bTata McGrawhill _c2007 |
||
| 300 | _axvii,22.19,I-12 | ||
| 365 |
_b250 _cINR |
||
| 906 | _amanagement. ; Principles | ||
| 942 |
_2ddc _cBK |
||
| 999 |
_c155815 _d155815 |
||